| 000 | 00998nam a22003017a 4500 | ||
|---|---|---|---|
| 001 | BR0300841 | ||
| 003 | BR-BrBNA | ||
| 005 | 20230928101225.0 | ||
| 007 | ta | ||
| 008 | 230509b bl.||||| |||| 00| 0 por d | ||
| 040 |
_aBR-BrBNA _bpor _cBiblioteca Nacional de Agricultura |
||
| 041 | _a(Por) | ||
| 072 |
_aH10 _b0120 _b4020 _b3877 |
||
| 090 | _ 0120 BR0300841 | ||
| 100 | 1 | _aSchmidt, F.B. | |
| 110 | 1 |
_aEscola Superior de Agricultura Luiz de Queiroz, Piracicaba, SP (Brasil) _0Tese (Mestre em Ciências) |
|
| 245 | 1 | _aLinha básica de suscetibilidade de Spodoptera frugiperda (Lepidoptera: Noctuidae)a Lufenuron na cultura do milho | |
| 260 | 3 |
_aPiracicaba, SP (Brasil): _c2002. |
|
| 300 | _a48 p. | ||
| 500 | _aSummaries (Eng, Por); Bibliography p. 40-48; 6 tables; 8 illus. | ||
| 650 | _aMILHO | ||
| 650 | _aLAGARTA | ||
| 650 | _aINSETICIDA | ||
| 650 | _aRESISTÊNCIA A PRODUTOS QUÍMICOS | ||
| 650 | _aCONTROLE INTEGRADO | ||
| 909 |
_a202309 _bLucia _c55 _dLucia Elande |
||
| 942 | _cBK | ||
| 999 |
_c64803 _d64803 |
||